LEADER 01738nam a2200325 a 4500 001 000000147305 003 CaOOAMICUS 005 20151112100616.0 008 151112s2015 it u000 u ita r 020 $a978-88-10-14082-6 032 $aLibriCat 040 $aPUL$bita 111 2 $aSettimana sociale dei cattolici d'Italia$n(47 :$d2013 :$cTorino).$0(OLS)http://pul/name/94183 245 13$aLa famiglia, speranza e futuro per la societą italiana :$batti della 47a Settimana Sociale dei Cattolici Italiani Torino, 12-15 settembre 2013 /$ca cura del Comitato scientifico e organizzatore delle settimane sociali dei cattolici italiani. 246 33$aAtti della 46a Settimana Sociale dei Cattolici Italia 260 $aBologna :$bEDB,$c©2015. 300 $a485 p. ;$c21 cm. 490 1 $aSettimane Sociali dei Cattolici d'Italia ;$v47 504 $aBibliografia in nota. 650 4$aFamiglia$zItalia.$0(OLS)http://pul/subject/19849 650 4$aCattolici$zItalia.$0(OLS)http://pul/subject/5279 830 0$aSettimane Sociali dei Cattolici d'Italia ;$v47.$0(OLS)http://pul/title/1373 850 $aPUL 852 $aPUL$W1$xDP1 Cons. Gen., Altre Classi 1$y22$m44 A 47$j170254$qStampati$B171033$CPULBib$Z2$F171033 $H126416 $81 941 1 $a8 996 $6020$a978-88-10-14082-6$9(OLS)http://pul/number/158885 996 $6245$aLa famiglia, speranza e futuro per la societą italiana :$batti della 47a Settimana Sociale dei Cattolici Italiani Torino, 12-15 settembre 2013$9(OLS)http://pul/title/185938 996 $6246$aAtti della 46a Settimana Sociale dei Cattolici Italia$9(OLS)http://pul/title/167055 996 $6260$aBologna :$bEDB$9(OLS)http://pul/publisher/56073 LEADER 01417nam a2200265 a 4500 001 000000167927 003 CaOOAMICUS 005 20180529112439.0 008 180529m18869999be u000 u lat r 032 $aLibriCat 040 $aPUL$bita 245 00$aBreviarium ad usum fratrum et monialium Ordinis Eremitarum Sancti Augustini juxta formam Breviarii Romani ordinatum, in quo Officia Sanctorum usque ad hanc diem concessa accurate disponuntur /$cjussu reverendissimi P.M.Fr. Pacifici A. Neno Romani totius praefati Ordinis commissarii generalis editum. 260 $aMechliniae :$bH. Dessain,$c1886- 300 $a4 v. ;$c19 cm. 504 $aBibliografia in nota. 505 1 $aV. 2. Pars verna. 610 24$aAgostiniani.$0(OLS)http://pul/subject/9294 662 $aBelgio$bMalines.$0(OLS)http://pul/subject/45466 700 1 $aNeno, Pacificus,$csac.$0(OLS)http://pul/name/26430 850 $aPUL 852 $aPUL$W1$xDP1 Fondo Dalla Palma$y117$m3 E 43$j172507$bv. 2$qFondi$B195738$CPULBib$Z2$F195738 $HDal1685 $81 941 1 $a1 996 $6245$aBreviarium ad usum fratrum et monialium Ordinis Eremitarum Sancti Augustini juxta formam Breviarii Romani ordinatum, in quo Officia Sanctorum usque ad hanc diem concessa accurate disponuntur$9(OLS)http://pul/title/208069 996 $6260$aMechliniae :$bH. Dessain$9(OLS)http://pul/publisher/47858